000 00586nam a2200145Ia 4500
008 220216s9999 xx 000 0 und d
100 _aYogaratnam N
245 0 _aRubber out-grower scheme: Advantage smallholders
260 _bRubber Asia
_c2013
300 _a96-106
520 _aRubber out-grower scheme, a contractual partnership between growers and a company for the commercial production of rubber in which inputs, costs, risks and benefits are shared by both, may offer growers a wider range of benefits
650 _aExtension service
650 _aSmallholders
942 _cJS
999 _c67852
_d67852